Souleymane Bachir Diagne, Bergson postcolonial. L’élan vital dans la pensée de Léopold Sédar Senghor et de Mohamed Iqbal, Paris, CNRS Éditions, 2011, 128 p., 8 €. (notice n° 1658658)
[ vue normale ]
| 000 -LEADER | |
|---|---|
| fixed length control field | 00629cam a2200145 4500500 |
| 005 - DATE AND TIME OF LATEST TRANSACTION | |
| control field | 20260208010859.0 |
| 041 ## - LANGUAGE CODE | |
| Language code of text/sound track or separate title | fre |
| 042 ## - AUTHENTICATION CODE | |
| Authentication code | dc |
| 100 10 - MAIN ENTRY--PERSONAL NAME | |
| Personal name | Verdeau, Patricia |
| Relator term | author |
| 245 00 - TITLE STATEMENT | |
| Title | Souleymane Bachir Diagne, Bergson postcolonial. L’élan vital dans la pensée de Léopold Sédar Senghor et de Mohamed Iqbal, Paris, CNRS Éditions, 2011, 128 p., 8 €. |
| 260 ## - PUBLICATION, DISTRIBUTION, ETC. | |
| Date of publication, distribution, etc. | 2015.<br/> |
| 500 ## - GENERAL NOTE | |
| General note | 1 |
| 786 0# - DATA SOURCE ENTRY | |
| Note | Revue philosophique de la France et de l'étranger | 140 | 3 | 2015-08-27 | p. 375a-426a | 0035-3833 |
| 856 41 - ELECTRONIC LOCATION AND ACCESS | |
| Uniform Resource Identifier | <a href="https://shs.cairn.info/revue-philosophique-2015-3-page-375a?lang=fr&redirect-ssocas=7080">https://shs.cairn.info/revue-philosophique-2015-3-page-375a?lang=fr&redirect-ssocas=7080</a> |
Pas d'exemplaire disponible.




Réseaux sociaux